[Event "2nd Open"]
[Site "d'Angers FRA"]
[Date "2007.04.14"]
[Round "3"]
[White "Ikonnikov,Vy"]
[Black "Aoustin,A"]
[Result "1-0"]
[WhiteElo "2544"]
[BlackElo "2090"]

1.d4 Nf6 2.Nf3 g6 3.c4 Bg7 4.Nc3 O-O 5.e4 d6 6.Be2 e5 7.O-O Na6 8.Re1 Qe8
9.Bf1 Bg4 10.d5 Nb4 11.Be2 a5 12.Rb1 Na6 13.Be3 Kh8 14.Nd2 Bd7 15.b3 Ng8
16.a3 f5 17.f3 Qe7 18.b4 axb4 19.axb4 Bh6 20.Bf2 Nf6 21.g3 Bg5 22.Qc2 h5
23.exf5 gxf5 24.c5 Qg7 25.Nc4 h4 26.cxd6 hxg3 27.hxg3 Bh4 28.Kg2 Bxg3 29.Rh1+ Kg8
30.Bxg3 f4 31.Rbg1 Nxb4 32.Qb2 fxg3 33.Qxb4 e4 34.Ne5 Nxd5 35.Nxd5 Qxe5 36.f4 Qxd6
37.Qxd6 cxd6 38.Kxg3 Rf7 39.Kf2+ Rg7 40.Nf6+ Kf7 41.Rxg7+ Kxg7 42.Nxd7 d5
43.Ke3 Ra2 44.Bh5 Rg2 45.f5 Rg3+ 46.Kf4  1-0

[Event "8th ch-Euro"]
[Site "Dresden GER"]
[Date "2007.04.14"]
[Round "11"]
[White "Huzman,A"]
[Black "Jianu,V"]
[Result "1/2-1/2"]
[WhiteElo "2591"]
[BlackElo "2506"]

1.d4 Nf6 2.Nf3 g6 3.c4 Bg7 4.Nc3 O-O 5.e4 d6 6.Be2 e5 7.O-O exd4 8.Nxd4 Re8
9.f3 Nc6 10.Be3 Nh5 11.Qd2 Nxd4 12.Bxd4 Nf4 13.Rf2 Be5 14.Bf1 c6 15.Rd1 Qf6
16.g3 Ne6  1/2-1/2

[Event "8th ch-Euro T/B Qualification"]
[Site "Dresden GER"]
[Date "2007.04.15"]
[Round "1.1"]
[White "Eljanov,P"]
[Black "Jankovic,A"]
[Result "1-0"]
[WhiteElo "2686"]
[BlackElo "2541"]

1.d4 Nf6 2.c4 g6 3.Nc3 Bg7 4.e4 d6 5.Nf3 O-O 6.Be2 e5 7.O-O c6 8.Be3 exd4
9.Nxd4 Re8 10.f3 d5 11.cxd5 Nxd5 12.Bf2 Nf4 13.Nb3 Qxd1 14.Bxd1 Nd3 15.Bd4 Nxb2
16.Be2 b5 17.Bxg7 Kxg7 18.Rab1 Nc4 19.Bxc4 bxc4 20.Na5 Re5 21.Rxb8 Rxb8 22.Nxc6 Rbb5
23.Nxe5 Rxe5 24.Kf2 Ra5 25.Ke3 Be6 26.f4 Rc5 27.Kd4 Rc7 28.f5 Bc8 29.g4 gxf5
30.gxf5 f6 31.Nd5 Rc6 32.Rc1 Ba6 33.Rc3 Kf7 34.a4 Rc8 35.Rh3 Kg7 36.Rg3+ Kf7
37.h4 Bb7 38.h5 Bc6 39.h6 Bxd5 40.exd5 Ke7 41.Rc3 Rg8 42.Rxc4 Kd7 43.Rc6 Rg4+
44.Kc5 Rxa4 45.Rxf6 Ra5+ 46.Kd4 Ra1 47.Rc6 a5 48.Ra6 a4 49.Ke5 a3 50.Ra7+ Ke8
51.Ke6 Re1+ 52.Kf6 Rd1 53.Rxa3 Rxd5 54.Ra8+ Kd7 55.Ra7+ Ke8 56.Ke6 Rd8 57.Rxh7  1-0

[Event "Open"]
[Site "Metz FRA"]
[Date "2007.04.15"]
[Round "2"]
[White "Eingorn,V"]
[Black "Zozulia,A"]
[Result "1/2-1/2"]
[WhiteElo "2588"]
[BlackElo "2344"]

1.d4 Nf6 2.c4 g6 3.Nc3 Bg7 4.e4 d6 5.Nf3 O-O 6.Be2 e5 7.O-O Nbd7 8.Qc2 exd4
9.Nxd4 Nc5 10.Rd1 Re8 11.f3 Nfd7 12.Bf1 c6 13.b4 Ne6 14.Nxe6 Rxe6 15.Rb1 a5
16.b5 Nc5 17.bxc6 bxc6 18.Na4 Nxa4 19.Qxa4 c5 20.Bb2 Bd7 21.Qc2 Bxb2 22.Rxb2 Rb8
23.Rxb8 Qxb8 24.Rb1 Qc7 25.Qb2 Bc6 26.Qb6 Re7 27.Bd3 Kg7 28.Bc2 Qxb6 29.Rxb6 Rc7
30.Kf2 Rb7 31.Rxc6 Rb2 32.Kg3 Rxc2 33.Rxd6 Rxc4 34.Rd2 Kf6 35.h4 Ke6 36.Kf4 Rc1
37.g4 h6 38.g5 hxg5+ 39.hxg5 Rc3 40.a4 Rc4 41.Rd5 Rxa4 42.Rxc5 Ra3 43.Rc6+ Ke7
44.Ra6 a4 45.Ra7+ Ke6 46.Ra8 Ra1 47.Ra6+ Ke7 48.Ke5 Rb1 49.Rxa4 Rb5+ 50.Kf4 Rc5
51.Kg4 Rb5 52.f4 Rb1 53.Ra7+ Kf8 54.f5 gxf5+ 55.exf5 Rb4+ 56.Kh5 Kg8 57.g6 fxg6+
58.Kxg6 Rg4+ 59.Kf6 Rb4 60.Ra8+ Kh7 61.Re8 Rb5 62.Re5 Rb1 63.Kf7 Rb7+ 64.Re7 Rb6
65.Kf8+ Kh8 66.Re6 Rb8+ 67.Kf7 Kh7 68.f6 Ra8 69.Re8 Ra6 70.Rd8 Kh6 71.Ke7 Kg6
72.Rg8+ Kf5 73.f7 Ra7+ 74.Kf8 Ra8+ 75.Ke7 Ra7+  1/2-1/2

[Event "Elitzur Winter"]
[Site "Givataim ISR"]
[Date "2007.04.17"]
[Round "11"]
[White "Nedobora,M"]
[Black "Kantsler,B"]
[Result "1/2-1/2"]
[WhiteElo "2442"]
[BlackElo "2491"]

1.d4 d6 2.c4 Nf6 3.Nc3 g6 4.e4 Bg7 5.Nf3 O-O 6.Be2 e5 7.dxe5 dxe5 8.Qxd8 Rxd8
9.Bg5 Re8 10.Nd5 Nxd5 11.cxd5 c6 12.Bc4 b5 13.Bb3 Bb7 14.dxc6 Nxc6 15.Bd5 h6  1/2-1/2

[Event "TCh-ITA"]
[Site "Palermo ITA"]
[Date "2007.04.20"]
[Round "1"]
[White "Scalcione,M"]
[Black "Manca,F"]
[Result "1/2-1/2"]
[WhiteElo "2276"]
[BlackElo "2424"]

1.Nf3 Nf6 2.c4 g6 3.Nc3 Bg7 4.e4 d6 5.d4 O-O 6.Be2 e5 7.Be3 exd4 8.Nxd4 Re8
9.f3 c6 10.Bf2 d5 11.exd5 cxd5 12.c5 Nc6 13.O-O Nh5 14.Qd2 Be5 15.g3 Ng7
16.Bb5 Bd7 17.Rfe1 Nxd4 18.Bxd4 Bxd4+ 19.Qxd4 Bxb5 20.Nxb5 Rxe1+ 21.Rxe1 Ne6
22.Qc3 d4 23.Qc4 Qf6 24.Qd5 Rd8 25.Nd6 d3 26.b4 Nd4 27.Kg2 a5 28.a3 axb4
29.axb4 Nf5 30.Qxd3 Nxd6 31.Rd1 Qb2+ 32.Rd2 Qxb4 33.cxd6 Qc5 34.d7 Qc6 35.Qe3 Kg7
36.Qd4+ Qf6 37.Qb4 Qc6 38.Qb2+ Kg8 39.Qe5 b5 40.Qe7 Qc7 41.h4 h5 42.g4 hxg4
43.fxg4 Qc6+ 44.Kf2 Qb6+ 45.Kf3 Qc6+ 46.Kf2 Qb6+ 47.Kf1 Qc7 48.h5 Qf4+ 49.Ke1 Qg3+
50.Rf2 Qg1+ 51.Rf1 Qg3+ 52.Rf2  1/2-1/2

[Event "Abierto"]
[Site "Berazategui ARG"]
[Date "2007.04.21"]
[Round "4"]
[White "Mayorga,N"]
[Black "Mahia,G"]
[Result "1/2-1/2"]
[WhiteElo "2252"]
[BlackElo "2414"]

1.Nf3 Nf6 2.d4 g6 3.c4 Bg7 4.Nc3 O-O 5.e4 d6 6.Be2 e5 7.d5 a5 8.Bg5 h6 9.Bh4 Na6
10.O-O Qe8 11.Nd2 Nh7 12.Kh1 h5 13.f3 Bh6 14.b3 f5 15.exf5 gxf5 16.f4 Bxf4
17.Bxh5 Qd7 18.Rxf4 exf4 19.Ne2 Qg7 20.Nxf4 Nc5 21.Nf3 Bd7 22.Nd4 Nf6 23.Nde6 Bxe6
24.dxe6 Nxh5 25.Nxh5 Qe5 26.e7 Rf7 27.Qe1 Ne4 28.Rd1 c6 29.Qe3 f4 30.Qe2 Rf5
31.Re1 d5 32.cxd5 cxd5 33.Qg4+ Kf7 34.Ng7 Rg5 35.Qxg5 Nf2+ 36.Bxf2 Qxg5 37.e8=Q+ Rxe8
38.Nxe8 Qg6 39.Bc5 Qc2 40.Nd6+ Kg6 41.Nxb7 Qxa2 42.Re6+ Kf5 43.Rb6 Qb1+ 44.Bg1 Qf1
45.Nd6+ Kg5 46.Nf7+ Kf5 47.Nd6+ Ke5 48.Nf7+ Kf5 49.Rd6 f3 50.Rxd5+ Ke6 51.Rd2 fxg2+
52.Rxg2 Qxf7 53.Re2+ Kd6 54.Rd2+ Kc6 55.Rd3 Qg6 56.Re3 Kb5 57.h3 Kb4 58.Kh2 Ka3
59.Kh1 Kb2 60.Kh2 Kc2 61.Kh1  1/2-1/2

[Event "XX Open"]
[Site "Benidorm ESP"]
[Date "2007.04.23"]
[Round "1"]
[White "Barria,D"]
[Black "Rodriguez Fernandez,C"]
[Result "1-0"]
[WhiteElo "2451"]
[BlackElo "1826"]

1.d4 Nf6 2.c4 g6 3.Nc3 Bg7 4.e4 d6 5.Nf3 O-O 6.Be2 e5 7.d5 Nbd7 8.h3 Nc5
9.Qc2 a5 10.Be3 Nh5 11.g3 f5 12.Nd2 Nf6 13.O-O-O b6 14.Rdg1 Nfxe4 15.Ncxe4 Nxe4
16.Nxe4 fxe4 17.h4 Qf6 18.g4 Bd7 19.Qxe4 Rab8 20.h5 Be8 21.Rg3 g5 22.Bd3 Qh6
23.Rgh3 Bd7 24.Rg1 Rf7 25.Rf3 Rxf3 26.Qxf3 Qf6  1-0

[Event "XX Open"]
[Site "Benidorm ESP"]
[Date "2007.04.23"]
[Round "2"]
[White "Llanes Hurtado,M"]
[Black "Amoros Moran,J"]
[Result "1-0"]
[WhiteElo "2441"]
[BlackElo "2039"]

1.d4 Nf6 2.c4 g6 3.Nc3 Bg7 4.e4 d6 5.Nf3 O-O 6.Be2 e5 7.Be3 Ng4 8.Bg5 f6
9.Bc1 Nc6 10.d5 Ne7 11.h3 Nh6 12.h4 c6 13.h5 cxd5 14.Bxh6 Bxh6 15.hxg6 Kg7
16.gxh7 d4 17.Nd5 Rh8 18.Nxf6 Ng6 19.Nd5 Rxh7 20.g3 Be6 21.Nh4 Nxh4 22.Rxh4 Bg5
23.Rxh7+ Kxh7 24.Bg4 Qg8 25.Bf5+ Kh6 26.Qf3 Bf7 27.Ke2 Kg7 28.Rh1 Kf8 29.Be6 Re8
30.Bxf7 Qxf7 31.Rh8+  1-0

[Event "9th Open"]
[Site "Dubai UAE"]
[Date "2007.04.23"]
[Round "2"]
[White "Mchedlishvili,M"]
[Black "Purnama,T"]
[Result "1-0"]
[WhiteElo "2609"]
[BlackElo "2403"]

1.c4 Nf6 2.Nc3 g6 3.e4 d6 4.d4 Bg7 5.Nf3 O-O 6.Be2 e5 7.O-O Na6 8.Be3 Ng4
9.Bg5 Qe8 10.dxe5 dxe5 11.h3 h6 12.Bc1 Nf6 13.Be3 Qe7 14.a3 c6 15.b4 Nh5
16.Re1 Nf4 17.Bxf4 exf4 18.e5 Nc7 19.c5 Rd8 20.Qc1 a5 21.Qxf4 axb4 22.axb4 Rxa1
23.Rxa1 Ne6 24.Qe3 Ng5 25.Nxg5 hxg5 26.Ne4 Bxe5 27.Nxg5 Qc7 28.Rd1 Bh2+ 29.Kf1 Rxd1+
30.Bxd1 Bf4 31.Qe8+ Kg7 32.Nf3 Be6 33.h4 b6 34.g3 Bh6 35.Nd4 Bh3+ 36.Kg1 bxc5
37.bxc5 Kh7 38.Bb3 Kg7 39.Nxc6 Qb7 40.Bd5 Bf5 41.Ne7 Qb1+ 42.Kh2 Bf4 43.Qd8  1-0

[Event "VI It"]
[Site "Sao Jose do Rio Preto ARG"]
[Date "2007.04.23"]
[Round "5"]
[White "El Debs,F"]
[Black "Batista,G"]
[Result "1-0"]
[WhiteElo "2393"]
[BlackElo "2240"]

1.d4 Nf6 2.c4 g6 3.Nc3 Bg7 4.e4 d6 5.Nf3 O-O 6.Be2 e5 7.Be3 Nc6 8.d5 Ne7
9.Nd2 c5 10.a3 Ne8 11.b4 b6 12.Rb1 f5 13.f3 Nf6 14.bxc5 bxc5 15.O-O f4 16.Bf2 g5
17.Nb3 Rf7 18.Nxc5 dxc5 19.Bxc5 Bf8 20.Bf2 Qa5 21.Qc2 Ba6 22.c5 Bxe2 23.Nxe2 Nexd5
24.exd5 Nxd5 25.Qc4 Rd8 26.h4 Qxa3 27.Rb3 Qa5 28.hxg5 Kg7 29.Rfb1 Be7 30.Rb7 Bxg5
31.Rxf7+ Kxf7 32.Rd1 Qb4 33.Qa2 Ke6 34.Rb1  1-0

[Event "XX Open"]
[Site "Benidorm ESP"]
[Date "2007.04.24"]
[Round "3"]
[White "Jankovic,A"]
[Black "Saldano,H"]
[Result "1/2-1/2"]
[WhiteElo "2541"]
[BlackElo "2422"]

1.d4 Nf6 2.c4 g6 3.Nc3 Bg7 4.e4 d6 5.Nf3 O-O 6.Be2 e5 7.O-O Na6 8.Re1 c6
9.Bf1 exd4 10.Nxd4 Ng4 11.h3 Qb6 12.hxg4 Qxd4 13.g5 Nc5 14.Bf4 Qxd1 15.Raxd1 Be5
16.Bc1 Re8 17.f3 a5 18.Ne2 a4 19.Kf2 a3 20.bxa3 Ra4 21.Nd4 Be6 22.f4 Bg7
23.Nxe6 Nxe6 24.Rxd6 Bd4+ 25.Kg3 Bc5 26.Rd3 Rxc4 27.Rb3 Rc2 28.Kg4 b5 29.Bb2  1/2-1/2

[Event "9th Open"]
[Site "Dubai UAE"]
[Date "2007.04.24"]
[Round "3"]
[White "Molina,Ant"]
[Black "Sitanggang,S"]
[Result "0-1"]
[WhiteElo "2196"]
[BlackElo "2417"]

1.d4 Nf6 2.c4 g6 3.Nc3 d6 4.e4 Bg7 5.Nf3 O-O 6.Be2 Na6 7.O-O e5 8.Be3 Ng4
9.Bg5 Qe8 10.dxe5 h6 11.h3 hxg5 12.hxg4 dxe5 13.Nxg5 Qe7 14.Nh3 c6 15.Qc1 Nc5
16.Qg5 Bf6 17.Qe3 Ne6 18.Rad1 Nd4 19.g5 Bg7 20.g4 Qb4 21.Rd2 Be6 22.Rfd1 Bxc4
23.Bxc4 Qxc4 24.Kg2 Rfd8 25.b3 Qe6 26.f3 b5 27.Ne2 a5 28.Nf2 Qe7 29.Nh3 a4
30.Nxd4 Rxd4 31.Rxd4 exd4 32.Qc1 c5 33.Qc2 axb3 34.axb3 Ra6 35.f4 c4 36.bxc4 d3  0-1

[Event "Chess Classic Open"]
[Site "Gausdal NOR"]
[Date "2007.04.25"]
[Round "8"]
[White "Reinderman,D"]
[Black "Stubberud,O"]
[Result "1-0"]
[WhiteElo "2516"]
[BlackElo "2217"]

1.d4 Nf6 2.c4 g6 3.Nc3 Bg7 4.e4 d6 5.Nf3 O-O 6.Be2 e5 7.O-O Na6 8.d5 Nc5
9.Qc2 a5 10.Bg5 h6 11.Be3 Ne8 12.Nd2 f5 13.f3 f4 14.Bf2 h5 15.a3 g5 16.b4 axb4
17.axb4 Rxa1 18.Rxa1 Na6 19.c5 dxc5 20.bxc5 Rf6 21.c6 Bf8 22.Qb2 Nc5 23.Ra8 b6
24.Nb5  1-0

[Event "XX Open"]
[Site "Benidorm ESP"]
[Date "2007.04.26"]
[Round "5"]
[White "Barria,D"]
[Black "Narciso Dublan,M"]
[Result "0-1"]
[WhiteElo "2451"]
[BlackElo "2539"]

1.d4 g6 2.c4 Bg7 3.e4 d6 4.Nc3 Nf6 5.Nf3 O-O 6.Be2 e5 7.d5 a5 8.Bg5 Na6 9.Nd2 Qe8
10.a3 Bd7 11.b3 Kh8 12.O-O Ng8 13.Rb1 f5 14.f3 Bh6 15.Bxh6 Nxh6 16.b4 axb4
17.axb4 Qe7 18.Bd3 c5 19.dxc6 bxc6 20.b5 Nc5 21.Nb3 Ne6 22.Qd2 f4 23.Rfd1 Nf7
24.Be2 Rfb8 25.c5 cxb5 26.cxd6 Qd8 27.Kh1 b4 28.Na2 Ra4 29.Bc4 Rb6 30.Qb2 Qf6
31.Nc5 Nxc5 32.Bxf7 Qxf7 33.Qxe5+ Kg8 34.Qxc5 Rc6 35.Qg5 Rxa2 36.Rxb4 Rd2
37.Rb8+ Kg7 38.Re1 Rcxd6 39.h3 Qf6 40.Qa5 Bxh3 41.Rb7+ Kh6 42.Qa7 Bxg2+ 43.Kg1 Qd4+
44.Qxd4 R6xd4  0-1

[Event "FMA Masters"]
[Site "Madrid ESP"]
[Date "2007.04.26"]
[Round "10"]
[White "Minzer,C"]
[Black "Mirzoev,A"]
[Result "0-1"]
[WhiteElo "2414"]
[BlackElo "2535"]

1.c4 g6 2.d4 Bg7 3.e4 d6 4.Nc3 Nd7 5.Nf3 e5 6.Be2 Ngf6 7.O-O O-O 8.Re1 Re8
9.Bf1 h6 10.Rb1 Nh7 11.Be3 Ng5 12.Nxg5 hxg5 13.d5 Nf8 14.Bd3 g4 15.b4 f5
16.c5 f4 17.Bc1 Nh7 18.Rb3 Bf8 19.cxd6 Bxd6 20.Nb5 Re7 21.a4 Nf6 22.Nxd6 cxd6
23.g3 g5 24.a5 Bd7 25.Rc3 Qf8 26.Kg2 Qh6 27.Rh1 Rf8 28.Kg1 Rh7 29.Qe1 a6
30.Rc7 Bb5 31.Rxh7 Qxh7 32.Bb1 Qh3  0-1

[Event "XIII Open"]
[Site "Cutro ITA"]
[Date "2007.04.29"]
[Round "7"]
[White "Scerbo,A"]
[Black "Cordi,D"]
[Result "0-1"]
[WhiteElo "2117"]
[BlackElo "2084"]

1.d4 Nf6 2.c4 g6 3.Nc3 Bg7 4.e4 d6 5.Nf3 O-O 6.Be2 Na6 7.O-O e5 8.d5 Nh5
9.Re1 f5 10.exf5 Bxf5 11.Ng5 Nf6 12.Bf3 Nc5 13.Nce4 Nfxe4 14.Nxe4 Bxe4 15.Bxe4 Qh4
16.f3 Bh6 17.Bxh6 Qxh6 18.b4 Nd7 19.Rc1 a5 20.c5 axb4 21.c6 bxc6 22.Rxc6 Rxa2
23.Rxc7 Nf6 24.Rb7 Nh5 25.Qc1 Nf4 26.Bc2 Ne2+  0-1

[Event "I Open Casino"]
[Site "Lugano SUI"]
[Date "2007.04.30"]
[Round "3"]
[White "Schaerer,H"]
[Black "Banchio,D"]
[Result "1-0"]
[WhiteElo "2190"]
[BlackElo "1937"]

1.c4 Nf6 2.Nc3 g6 3.d4 Bg7 4.e4 d6 5.Be2 O-O 6.Nf3 e5 7.dxe5 dxe5 8.Qxd8 Rxd8
9.Bg5 c6 10.Nxe5 Re8 11.O-O-O Nxe4 12.Nxe4 Bxe5 13.Bf3 Nd7 14.Rhe1 Re6 15.Kb1 f6
16.Be3 Kf7 17.c5 b6 18.Nd6+ Bxd6 19.Bxc6 Rb8 20.cxd6 Kg7 21.Bh6+ Kxh6 22.Rxe6 Nc5
23.Re7 Bf5+ 24.Ka1 Nd3 25.d7 Nb4 26.Be4  1-0

[Event "XXXVIII Open"]
[Site "Mar del Plata ARG"]
[Date "2007.04.31"]
[Round "1"]
[White "Izaguirre,C"]
[Black "Hungaski,R"]
[Result "0-1"]
[WhiteElo "2035"]
[BlackElo "2382"]

1.d4 Nf6 2.c4 g6 3.Nf3 Bg7 4.Nc3 O-O 5.e4 d6 6.Be2 Nbd7 7.O-O e5 8.dxe5 dxe5
9.Bg5 h6 10.Bxf6 Qxf6 11.Nd5 Qd8 12.Qc2 c6 13.Nc3 Qe7 14.Rad1 Nc5 15.b4 Ne6
16.c5 f5 17.Bc4 Kh8 18.Rd6 f4 19.Rfd1 g5 20.Qd3 g4 21.Bxe6 Bxe6 22.Ne1 Qf7
23.b5 Bc4 24.Qd2 cxb5 25.Rd7 Qg6 26.Rxb7 Rf7 27.Rxf7 Qxf7 28.Qd6 Rc8 29.Nd5 Bxa2
30.Ne7 Re8 31.Nf5 Bf8 32.Qc6 Qe6 33.Qxb5 Bc4 34.Qb7 Qc8 35.Qxa7 Qxc5 36.Qxc5 Bxc5
37.Rc1 Rc8 38.Nxh6 g3 39.hxg3 fxg3 40.Ng4 Be2 41.Ne3 Rf8 42.Nf3 Bd4 43.Nxd4 gxf2+
44.Kh2 exd4 45.Nf1 d3 46.g3 Bxf1 47.Rxf1 d2 48.Kg2 Rc8  0-1

[Event "I Open Casino"]
[Site "Lugano SUI"]
[Date "2007.05.01"]
[Round "5"]
[White "Fusi,C"]
[Black "Cervini,G"]
[Result "0-1"]
[WhiteElo "2298"]
[BlackElo "1768"]

1.d4 Nf6 2.c4 g6 3.Nc3 Bg7 4.e4 d6 5.Nf3 O-O 6.Be2 Nbd7 7.O-O e5 8.d5 Nc5
9.Be3 Ncxe4 10.Nxe4 Nxe4 11.Qc2 f5 12.Nd2 Nxd2 13.Bxd2 f4 14.f3 Qg5 15.Rf2 Bf5
16.Bd3 Rae8 17.Re1 Re7 18.b4 h5 19.g4 hxg4 20.fxg4 Bxd3 21.Qxd3 Qxg4+ 22.Rg2 Qf5
23.Qxf5 gxf5 24.Bxf4 Kh7 25.Re3 Ref7 26.Rh3+ Kg8 27.Bh6 Rd7 28.Rhg3 Rff7
29.Rg6 Kf8 30.Bxg7+ Rxg7 31.Rf6+ Rdf7 32.Rfg6 Rxg6 33.Rxg6 Rg7 34.Rg2 Kf7
35.Kf2 Rxg2+ 36.Kxg2 Kg6 37.a4 Kg5 38.c5 b6 39.a5 b5 40.Kg3 f4+ 41.Kf3 Kh4  0-1

[Event "12th Cvitanovic Mem A"]
[Site "Split CRO"]
[Date "2007.05.02"]
[Round "5"]
[White "Polak,T"]
[Black "Plenkovic,Z"]
[Result "1/2-1/2"]
[WhiteElo "2510"]
[BlackElo "2329"]

1.d4 Nf6 2.c4 g6 3.Nc3 Bg7 4.e4 d6 5.Nf3 O-O 6.Be2 e5 7.d5 a5 8.h3 Na6 9.Bg5 Qe8
10.Nd2 Bd7 11.O-O Kh8 12.a3 Ng8 13.Rb1 Bh6 14.Bxh6 Nxh6 15.b4 axb4 16.axb4 Qe7
17.Qc1 f6 18.c5 dxc5 19.Bxa6 cxb4 20.Bxb7 Rab8 21.d6 Qxd6 22.Nc4 Qc5 23.Qxh6 bxc3
24.Ne3 Bb5 25.Rxb5 Qxb5 26.Bd5 c6 27.Bc4 Qc5 28.Bd3 Rfd8 29.Bc2 Kg8 30.Ra1 Ra8
31.Rb1 Rab8 32.Ra1 Ra8  1/2-1/2

[Event "TCh-RUS HL"]
[Site "Sochi RUS"]
[Date "2007.05.03"]
[Round "1"]
[White "Glushko,A"]
[Black "Tihonov,J"]
[Result "0-1"]
[WhiteElo "2328"]
[BlackElo "2537"]

1.d4 Nf6 2.Nf3 g6 3.c4 Bg7 4.Nc3 O-O 5.e4 d6 6.Be2 e5 7.dxe5 dxe5 8.Bg5 Nbd7
9.Qd2 c6 10.O-O Nc5 11.Qe3 Qe7 12.h3 Ne6 13.Rfd1 Nxg5 14.Qxg5 Re8 15.Qe3 Nh5
16.Ne1 Nf4 17.Nd3 Qg5 18.Nxf4 exf4 19.Qf3 h5 20.Rd2 Be5 21.Rad1 Kg7 22.Kf1 Qf6
23.Qd3 Be6 24.Na4 b6 25.Nc3 Rh8 26.Rc1 g5 27.Ke1 g4 28.Bf1 f3 29.Nd1 Rad8
30.Qc2 Rxd2 31.Qxd2 Rd8 32.Qc2 Bf4 33.Ne3  0-1

[Event "TCh-RUS HL"]
[Site "Sochi RUS"]
[Date "2007.05.04"]
[Round "2"]
[White "Aliavdin,N"]
[Black "Evdokimov,Alexa"]
[Result "1-0"]
[WhiteElo "2421"]
[BlackElo "2530"]

1.d4 Nf6 2.c4 g6 3.Nc3 Bg7 4.e4 d6 5.Nf3 O-O 6.Be2 e5 7.Be3 Ng4 8.Bg5 f6
9.Bc1 exd4 10.Nxd4 f5 11.h3 Nh6 12.Bxh6 Bxh6 13.exf5 gxf5 14.O-O Nc6 15.c5 dxc5
16.Nxc6 bxc6 17.Na4 Qxd1 18.Raxd1 Be6 19.Nxc5 Bd5 20.b3 Rf7 21.Bc4 Bxc4 22.bxc4 Bf8
23.Nb3 Rb8 24.Rfe1 Rb4 25.c5 Rc4 26.Rc1 Ra4 27.Rc2 Re7 28.Rd1 Kf7 29.g3 Bg7
30.Kg2 a5 31.Rd8 Re8 32.Rd3 Ra3 33.Rf3 a4 34.Na5 Rxf3 35.Kxf3 Re6 36.Rc4 a3
37.Ra4 Bb2 38.Rh4 Kg6 39.Rc4 Kf6 40.Rc2 h5 41.Nc4 Re1 42.Nxb2 axb2 43.Rxb2 Rc1
44.Rb7 Rc3+ 45.Kf4 Rxc5 46.Rxc7 Rc2 47.f3 Rc4+ 48.Ke3 Ke5 49.f4+ Kd6 50.Rh7 Rc3+
51.Kd4 Rxg3 52.Rh6+ Ke7 53.Rxh5 Ra3 54.Rxf5 Ra4+ 55.Ke3 Ra3+ 56.Kd4 Ra4+
57.Ke3 Ra3+ 58.Ke4 Rxh3 59.a4 Ra3 60.Ra5 Ra1 61.Ra8 Kd6 62.f5 Re1+ 63.Kf4 c5
64.Kg5 c4 65.Rc8 Re4 66.f6  1-0

[Event "TCh-RUS w"]
[Site "Sochi RUS"]
[Date "2007.05.05"]
[Round "5"]
[White "Tarasova,V"]
[Black "Ivkina,O"]
[Result "1/2-1/2"]
[WhiteElo "2239"]
[BlackElo "2198"]

1.d4 Nf6 2.c4 g6 3.Nc3 Bg7 4.e4 d6 5.Nf3 O-O 6.Be2 Na6 7.O-O e5 8.Re1 c6
9.Bf1 Bg4 10.dxe5 Bxf3 11.Qxf3 dxe5 12.Be3 Qe7 13.a3 Nd7 14.b4 f5 15.c5 Nc7
16.Bc4+ Kh8 17.Rad1 f4 18.Bc1 Rfd8 19.Rd6 Nf8 20.Red1 Nfe6 21.Ne2 Ne8 22.Rxd8 Rxd8
23.Rxd8 Qxd8 24.Qd3 Qxd3 25.Bxd3 g5 26.Bc4 N8c7 27.f3 Bf6 28.Bb2 Kg7 29.Nc1 Nf8
30.Nb3 b5 31.cxb6 axb6 32.Nc1 Nd7 33.Nd3 Kf8 34.Kf2 Ke7 35.Bg8 h6 36.a4 Kd6
37.Ke2 b5 38.a5 Na6 39.Bf7 Ke7 40.Bg6 Kd6 41.Bf5 Ndb8 42.Kd2 Nc7 43.Nc5 Nba6
44.Nxa6 Nxa6 45.Bc8 Nc7 46.a6 Na8 47.Bb7 Nb6 48.a7 Kc7 49.a8=Q Nxa8 50.Bxa8 h5
51.h4 gxh4 52.Ke2 Kb6 53.Kf2 Kc7 54.Kg1 Kb6 55.Kh2 Kc7 56.Ba1 Kb6 57.Kh3 Kc7
58.Bc3 Kd7 59.Bb7 Kc7 60.Ba6 Kd7 61.Bd2 Kc7 62.Be1 Be7 63.Kh2 Kd7 64.Kh3 Kc7
65.Kh2 Kd7 66.Bc3 Bf6 67.Bd2 Kc7 68.Be1 Be7  1/2-1/2

[Event "TCh-RUS HL"]
[Site "Sochi RUS"]
[Date "2007.05.06"]
[Round "4"]
[White "Kljucharev,S"]
[Black "Gladyszev,O"]
[Result "1-0"]
[WhiteElo "2314"]
[BlackElo "2485"]

1.Nf3 Nf6 2.c4 g6 3.Nc3 Bg7 4.e4 d6 5.d4 O-O 6.Be2 e5 7.d5 a5 8.Be3 Ng4 9.Bg5 f6
10.Bc1 Na6 11.h3 Nh6 12.h4 f5 13.h5 f4 14.hxg6 hxg6 15.a3 Nc5 16.b3 Bd7 17.Rb1 a4
18.b4 Nb3 19.b5 Nc5 20.Rb4 Qb8 21.Qc2 Qa7 22.Bd1 Ng4 23.Rf1 Nf6 24.Qb1 c6
25.Bd2 cxd5 26.cxd5 Qb6 27.Bc2 Ra5 28.Qb2 Rfa8 29.Bc1 Ne8 30.Nd2 Qd8 31.Nc4 R5a7
32.Rh1 Bf8 33.Bd2 b6 34.Qb1 Qc7 35.Qd1 Nb3 36.Bxb3 axb3 37.Qxb3 Nf6 38.Ke2 Be8
39.Qc2 Qc8 40.Qb3 Nd7 41.Na4 Qc7 42.Qc2 Qd8 43.Be1 Rb8 44.f3 Nc5 45.Nc3 Rc7
46.Bf2 g5 47.a4 g4 48.Nd1 g3 49.Bg1 Qc8 50.Ndb2 Bg6 51.Qb1 Be7 52.Bxc5 Rxc5
53.Rc1 Qd7 54.Nd3 Rc7 55.Nd2 Rxc1 56.Qxc1 Rc8 57.Rc4 Rxc4 58.Qxc4 Be8 59.Nb4 Bd8
60.Nc6 Bc7 61.Qc1 Qh7 62.Qg1 Qh2 63.Kf1 Bh5 64.Nb4 Kf8 65.Nd3 Qxg1+ 66.Kxg1 Ke7
67.Kf1 Kd7 68.Nb4 Bg6 69.Nc4 Bd8 70.Nc6 Bc7 71.a5 bxa5 72.b6 Bxb6 73.Nxb6+ Kc7
74.Nc4  1-0

[Event "TCh-RUS HL"]
[Site "Sochi RUS"]
[Date "2007.05.06"]
[Round "4"]
[White "Rakhmanov,A"]
[Black "Abasheev,D"]
[Result "0-1"]
[WhiteElo "2497"]
[BlackElo "2419"]

1.Nf3 d6 2.d4 Nf6 3.c4 g6 4.Nc3 Bg7 5.e4 O-O 6.Be2 e5 7.O-O Na6 8.Re1 Qe8
9.Bf1 Bg4 10.d5 Nb4 11.Be2 a5 12.Be3 Na6 13.Nd2 Bd7 14.Rb1 Kh8 15.a3 a4 16.b4 axb3
17.Nxb3 b6 18.Qd2 Ng8 19.Nb5 f5 20.exf5 gxf5 21.f4 Nf6 22.Nc3 Qg6 23.a4 Rg8
24.g3 Bxa4 25.Nxa4 Ne4 26.Qd1 Nxg3 27.Bf3 Bf6 28.hxg3 Qxg3+ 29.Kf1 e4 30.Nd2 Qh3+
31.Ke2 Qh2+ 32.Kf1 exf3 33.Qxf3 Rg3 34.Qf2 Qh3+ 35.Ke2 Rg2 36.Rh1 Rxf2+ 37.Kxf2 Bh4+
38.Ke2 Qg2+ 39.Kd3 Bf2 40.Bxf2 Qxf2 41.Rhf1 Nc5+ 42.Nxc5 Qxc5 43.Rb5 Qa3+
44.Rb3 Qa2 45.Re1 Ra3 46.Kc3 Rxb3+ 47.Nxb3 h5 48.Rh1 Qe2 49.Kb4 Kh7 50.Rh3 Qg4
51.Rh1 h4 52.Nd4 Qxf4 53.Ne6 Qg4 54.Kb5 Kh6  0-1

[Event "TCh-RUS HL"]
[Site "Sochi RUS"]
[Date "2007.05.06"]
[Round "4"]
[White "Zakharevich,I"]
[Black "Andreikin,D"]
[Result "0-1"]
[WhiteElo "2463"]
[BlackElo "2532"]

1.d4 Nf6 2.c4 d6 3.Nc3 e5 4.Nf3 Nbd7 5.e4 g6 6.Be2 Bg7 7.O-O O-O 8.Re1 Re8
9.Bf1 exd4 10.Nxd4 c6 11.Rb1 a5 12.f3 Nc5 13.Be3 Nfd7 14.Qd2 a4 15.b4 axb3
16.axb3 Ne6 17.Nxe6 Rxe6 18.Na4 Qc7 19.Red1 b6 20.Rbc1 Bb7 21.Bd4 Bxd4+ 22.Qxd4 c5
23.Qb2 Ne5 24.Nc3 Nc6 25.Nd5 Qd8 26.b4 Nd4 27.bxc5 dxc5 28.Rb1 Rb8 29.Rxd4 cxd4
30.Qxd4 Bc6 31.Rd1 b5 32.c5 Be8 33.f4 f6 34.g3 Kg7 35.Bh3 Rc6 36.e5 Bf7 37.Bg2 b4
38.f5 b3 39.exf6+ Rxf6  0-1

[Event "FSIM May"]
[Site "Budapest HUN"]
[Date "2007.05.08"]
[Round "4"]
[White "Gauri,S"]
[Black "Galyas,M"]
[Result "0-1"]
[WhiteElo "2131"]
[BlackElo "2444"]

1.d4 Nf6 2.c4 g6 3.Nc3 Bg7 4.e4 d6 5.Nf3 O-O 6.Be2 Na6 7.O-O e5 8.Re1 c6
9.Bf1 Bg4 10.d5 c5 11.a3 Ne8 12.h3 Bd7 13.Bd3 f5 14.Bg5 Bf6 15.Bxf6 Qxf6
16.exf5 gxf5 17.Bf1 Kh8 18.Qd2 Rg8 19.Kh2 Qg7 20.g3 Nf6 21.Be2 f4 22.Rg1 Qh6
23.h4 e4 24.Qxf4 Ng4+ 25.Kg2 exf3+ 26.Bxf3 Qxf4 27.gxf4 Ne5+  0-1

[Event "TCh-RUS HL"]
[Site "Sochi RUS"]
[Date "2007.05.08"]
[Round "6"]
[White "Evdokimov,Alexa"]
[Black "Abasheev,D"]
[Result "1/2-1/2"]
[WhiteElo "2530"]
[BlackElo "2419"]

1.d4 Nf6 2.c4 g6 3.Nc3 Bg7 4.e4 d6 5.Nf3 O-O 6.Be2 e5 7.Be3 Na6 8.O-O Ng4
9.Bg5 f6 10.Bh4 Nh6 11.d5 c5 12.a3 Kh8 13.Ne1 Qe8 14.Nd3 g5 15.Bg3 f5 16.exf5 Bxf5
17.Re1 g4 18.f3 Qg6 19.Nf2 gxf3 20.Bxf3 Bf6 21.Nce4 Be7 22.b4 Rac8 23.Qb3 Bxe4
24.Bxe4 Qg7 25.Rab1 Bd8 26.Rf1 Bb6 27.Kh1 Rf7 28.b5 Nb8 29.Bd3 Rcf8 30.Ne4 Nf5
31.Qc2 Qh6 32.Qe2 Nd7 33.Kg1 Bd8 34.Bf2 Rg7 35.Ng3 Nxg3 36.Bxg3 Rgf7 37.Rf2 Bh4
38.Rxf7 Rxf7 39.Bxh4 Qxh4 40.Rf1 Qd4+ 41.Kh1 Rxf1+ 42.Qxf1 Qf4 43.g3 Qxf1+
44.Bxf1 Kg7 45.Kg2 Kf6  1/2-1/2

[Event "FSGM May"]
[Site "Budapest HUN"]
[Date "2007.05.09"]
[Round "4"]
[White "Bui Vinh"]
[Black "Ilincic,Z"]
[Result "0-1"]
[WhiteElo "2483"]
[BlackElo "2488"]

1.d4 Nf6 2.Nf3 g6 3.c4 Bg7 4.Nc3 O-O 5.e4 d6 6.Be2 e5 7.O-O Nh5 8.Bg5 f6
9.Be3 Nc6 10.c5 Nf4 11.cxd6 cxd6 12.Bxf4 exf4 13.Rc1 f5 14.d5 Ne5 15.Nd4 fxe4
16.Nxe4 f3 17.Bxf3 Nxf3+ 18.gxf3 Bxd4 19.Qxd4 Rxf3 20.Rfe1 Bd7 21.Rc3 Rf4
22.Qb4 Qh4 23.Qxd6 Raf8 24.Qxd7 Rxe4 25.Rf1 Re1 26.Rg3 Qd4  0-1

[Event "TCh-RUS HL"]
[Site "Sochi RUS"]
[Date "2007.05.09"]
[Round "7"]
[White "Brodsky,M"]
[Black "Zakharevich,I"]
[Result "1/2-1/2"]
[WhiteElo "2597"]
[BlackElo "2463"]

1.d4 Nf6 2.c4 g6 3.Nc3 Bg7 4.e4 d6 5.Be2 O-O 6.Nf3 Na6 7.O-O e5 8.Re1 Qe8
9.Bf1 Bg4 10.d5 Nb4 11.a3 Bxf3 12.gxf3 Na6 13.b4 Qe7 14.Be3 Nh5 15.c5 dxc5
16.Bxa6 cxb4 17.d6 Qxd6 18.Qxd6 cxd6 19.axb4 bxa6 20.Rxa6 Nf4 21.Rb1 Rfc8
22.Nb5 Ne2+ 23.Kg2 Nd4 24.Nxd6 Rcb8 25.b5 Bf8 26.Nc4 Bg7 27.Bxd4 exd4 28.f4 Bf8
29.Ne5 Rb7 30.Nc6 Bc5 31.Kf3 d3 32.e5 Kg7 33.Na5 Rd7 34.Nc4 Rd4 35.Nd2 Bb6
36.Rc1 Rd5 37.Ra3 Rad8 38.Rb3 Rd4  1/2-1/2

[Event "TCh-RUS HL"]
[Site "Sochi RUS"]
[Date "2007.05.09"]
[Round "7"]
[White "Vorobiov,E"]
[Black "Zontakh,A"]
[Result "1/2-1/2"]
[WhiteElo "2580"]
[BlackElo "2549"]

1.d4 Nf6 2.c4 g6 3.Nc3 Bg7 4.e4 d6 5.Nf3 O-O 6.Be2 e5 7.O-O Nbd7 8.Be3 c6
9.d5 c5 10.Ne1 Ne8 11.Nd3 Nb6 12.Qb3 f5 13.exf5 gxf5 14.f4 e4 15.Nf2 Bd7
16.Rad1 Nf6 17.Qc2 Qe8 18.a3 Rc8 19.h3  1/2-1/2